01642nam a2200421 i 450000100060000000300080000600500170001400600190003100700150005000800410006502000180010602000270012403500230015103500240017403500250019803500220022304000310024505000210027608000100029708200140030710000340032124501040035526400500045930000580050933600310056733700330059833800430063150400430067458801290071759001640084665000240101065000270103465500270106170000340108879700190112285600620114199900170120325927FlNmELB20241216215848.0m o d | cr cnu||||||||180910s2008 ck a ob 000 0 spa d z9789588252582 a9789587419009 (e-book) a(MiAaPQ)EBC5486593 a(Au-PeEL)EBL5486593 a(CaPaEBR)ebr11598589 a(OCoLC)1105872125 aFINmELBbspaerdacFINmELB 4aQA297bV444 2008 a519.60 a519.42231 aVelásquez Zapateiro, Jorge.10aAnálisis numérico :bnotas de clase /cJorge Velásquez Zapateiro, Virgilio Obeso Fernández. 1aBarranquilla :bUniversidad del Norte,c2008. a1 recurso en línea (286 páginas) :bilustraciones atextobtxt2rdacontent/spa acomputadorabc2rdamedia/spa arecurso en líneabcr2rdacarrier/spa aContiene referencias bibliográficas. aDescripción basada en recurso en línea; Título de la página del título en PDF (e-libro, visto September 10, 2018). aRecurso electrónico. Santa Fe, Arg.: e-libro, 2018. Disponible vía World Wide Web. El acceso puede estar limitado para las bibliotecas afiliadas a e-libro. 0aNumerical analysis. 4aAnálisis numérico. 4aLibros electrónicos.1 aVelásquez Zapateiro, Jorge.2 ae-libro, Corp.40uhttps://elibro.net/ereader/politecnicointernacional/70054 c25927d25927